00445 a2200145 4500001000700000020001800007040002200025041001600047082002500063100003100088245009400119260006500213300000800278362001300286134334 a85-99386-02-6 cLeonardo Da Vinci aPortuguês a351.981 S655gbS655g aSOARES, Luiz Antonio Alves aGuerreiro Ramosbconsiderações críticas a respeito da sociedade centrada no mercado bConselho Regional de Administraçãoc2005aRio de Janeiro a126 a20050000